XI. Pius pápa
Elmentve itt :
| Szerző: | |
|---|---|
| Adatforrás: | Philobibl |
| Forrásdokumentuma: | Uj Nemzedék 1932. jan. 6., 5. p. |
| Dokumentumtípus: | Cikk |
| Nyelv: | magyar |
| LEADER | 00310nab a2200109 c 4500 | ||
|---|---|---|---|
| 001 | bibDOK00015765 | ||
| 005 | 20200924121031.8 | ||
| 008 | 060518s1932 hu hun | ||
| 100 | 2 | |a Halasy-Nagy József | |
| 245 | 1 | 0 | |a XI. Pius pápa |c Halasy-Nagy József |
| 500 | |a aláírás nélkül | ||
| 773 | 0 | |t Uj Nemzedék |g 1932. jan. 6., 5. p. | |